Statistics for World cities by picture

Click here to take the quiz!

General Stats

  • This quiz has been taken 19 times
  • The average score is 8 of 16

Answer Stats

Answer% Correct
New York City
89%
Paris
89%
Tokyo
89%
Rio De Janeiro
78%
Shanghai
72%
Berlin
67%
Cairo
56%
London
44%
Sao Paulo
39%
Beijing
28%
Santiago
28%
Seoul
22%
Khartoum
17%
Osaka
17%
Delhi
11%
Johannesburg
11%

Score Distribution

Percentile by Number Answered

Percent of People with Each Score

Your Score History

You have not taken this quiz